000 00871cab a22002295a 4500
001 L153949
008 110927e20110917xxk 000 0 eng d
035 _a(Sirsi) u153949
041 0 _aeng
100 1 _aBuckley, James
245 0 0 _aLondon and West End
260 _c2011
490 _aEstates Gazette
_v(1137) 17 September 2011, 87-99(12)
520 _aWarns that take up and transaction figures in the West End do not match up some of the large headline grabbing deals. Jones Lang LaSalle statistics from the first half of 2011 show take ups were down by 24% on the same period last year. Includes West End retail and investment opportunities.
590 _aKA
651 4 _aLondon
690 _aPROPERTY-COMMERCIAL PROPERTY-COMMERCIAL PROPERTY MARKET
700 1 _aThame, David
700 1 _aFaithfull, Mark
700 1 _aMorrison, Adrian
942 _n0
999 _c83424
_d83424